• 首页
  • 本馆介绍
  • 公告通知
  • 最新文献
  • 馆藏检索
  • 电子资源
  • 读者导购
  • 参考咨询
  • 我的图书馆
  • 登录
  • 详细信息显示
  • 放入我的书架
  • 预约/预借图书
  • 作者相关作品
  • 分类相关作品
  • 丛书相关作品
  • 出版社相关作品

书目信息

  • 表格格式
  • 工作单格式
  • 卡片格式
题名:
连续介质力学
    
 
作者: 朗道 , 栗弗席兹 著 ;彭旭麟 译
分册: 第三册  
出版信息: 北京   人民教育出版社  1962
页数: 677-846页
开本: 20cm
丛书名:
单 册:
中图分类: O33
科图分类:
主题词: 连续介质力学
电子资源:
ISBN:
000 00676nam0 2200217 450
001 0653663151
005 20060817144809.56
010    @dCNY0.44
100    @a20060404d1962 km y0chiy0120 ea
101 0  @achi
102    @aCN@b110000
200 1  @a连续介质力学@Alian xu jie zhi li xue@h第三册@fД·Д·朗道,Е·М·栗弗席兹著@FД·Д·lang dao,Е·М·li fu xi zi zhu@g彭旭麟译@Gpeng xu lin yi
210    @a北京@c人民教育出版社@d1962
215 1  @a677-846页@d20cm
606 0  @a连续介质力学
690    @aO33@v4
701  0 @a朗道@Alang dao@4著
701  0 @a栗弗席兹@Ali fu xi zi@4著
702  0 @a彭旭麟@Apeng xu lin@4译
801  0 @aCN@bPFT@c20060817
905    @a10447@dO33@e11:3
    
    连续介质力学.第三册/Д·Д·朗道,Е·М·栗弗席兹著/彭旭麟译.-北京:人民教育出版社,1962
    677-846页;20cm
    
    
    ISBN :CNY0.44
    
●
相关链接 在E读中查询图书 在五车中查询图书 在当当中查询图书 在豆瓣中查询图书


正题名:连续介质力学     索取号:O33/11:3         预约/预借

序号 登录号 条形码 馆藏地/架位号 状态 备注
1 0055255   202364422   密集书库/ [索取号:O33/11:3] 在馆    
2 0055256   202229203   密集书库/ [索取号:O33/11:3] 在馆    
3 0055257   202229212   密集书库/ [索取号:O33/11:3] 在馆    
4 0468425   204684252   密集书库/ [索取号:O33/11:3] 在馆    
唐山师范学院图书馆 欢迎您!
大连网信软件有限公司© 版权所有